[Event "Steyr Landesliga 1920"]
[Site "Austria"]
[Date "2019.09.28"]
[Round "1.5"]
[White "Rattinger, Friedrich"]
[Black "Korn, Andreas"]
[Result "1/2-1/2"]
[WhiteElo "2037"]
[BlackElo "2029"]
[PlyCount "36"]
[EventDate "2019.09.28"]
[EventType "team-tourn"]
[EventRounds "11"]
[EventCountry "AUT"]
[SourceTitle "CBM 193 Extra"]
[Source "ChessBase"]
[SourceDate "2020.01.31"]
[SourceVersion "1"]
[SourceVersionDate "2020.01.31"]
[SourceQuality "1"]
[WhiteTeam "Krieglach Windheimat"]
[BlackTeam "Pinggau Friedberg"]
[WhiteTeamCountry "AUT"]
[BlackTeamCountry "AUT"]

1. d4 d5 2. Nf3 Nf6 3. e3 e6 4. Nbd2 c5 5. c3 Nc6 6. Bb5 Bd7 7. 0-0 Be7 8. a4 0-0 9. Bxc6 Bxc6 10. Ne5 Rc8 11. Nxc6 Rxc6 12. Qe2 Qb6 13. a5 Qc7 14. a6 Rxa6 15. Rxa6 bxa6 16. Qxa6 Rb8 17. Qd3 Bd6 18. h3 Qb6 1/2-1/2

[Event "Steyr Landesliga 1314"]
[Site "Austria"]
[Date "2014.04.12"]
[Round "11.6"]
[White "Pojer, Hannes"]
[Black "Korn, Andreas"]
[Result "1/2-1/2"]
[WhiteElo "2057"]
[BlackElo "2011"]
[PlyCount "111"]
[EventDate "2013.09.28"]
[EventType "team-tourn"]
[EventRounds "11"]
[EventCountry "AUT"]
[SourceTitle "EXT 2015"]
[Source "ChessBase"]
[SourceDate "2014.11.20"]
[SourceVersion "1"]
[SourceVersionDate "2014.11.20"]
[SourceQuality "1"]
[WhiteTeam "Trofaiach Niklasdorf"]
[BlackTeam "Pinggau Friedberg"]
[WhiteTeamCountry "AUT"]
[BlackTeamCountry "AUT"]

1. d4 d5 2. c4 c6 3. Nc3 Nf6 4. Bf4 e6 5. e3 Be7 6. Bd3 0-0 7. cxd5 exd5 8. Nf3 Nbd7 9. 0-0 Re8 10. Qc2 Nf8 11. a3 Nh5 12. Bg3 Nxg3 13. hxg3 a5 14. Rab1 h5 15. b4 axb4 16. axb4 h4 17. gxh4 Bxh4 18. Nxh4 Qxh4 19. Bf5 Bxf5 20. Qxf5 Re6 21. g3 Rf6 22. gxh4 Rxf5 23. b5 Ng6 24. bxc6 bxc6 25. Rb6 Rc8 26. Rc1 Nxh4 27. Nb5 Rf6 28. Na7 Rc7 29. Nxc6 Nf3+ 30. Kf1 Nd2+ 31. Ke2 Ne4 32. Rb8+ Kh7 33. Rh1+ Rh6 34. Rxh6+ Kxh6 35. Rb6 Kg5 36. Nb4 Rd7 37. f3 Nf6 38. Rb5 Kf5 39. e4+ Ke6 40. Rb6+ Ke7 41. Nc6+ Kf8 42. e5 Ne8 43. f4 g6 44. Rb8 Rc7 45. Nb4 Rd7 46. Kd3 f6 47. Nc6 Rc7 48. Nd8 Ke7 49. Nb7 Ng7 50. Nc5 Nf5 51. Rb6 fxe5 52. fxe5 Ra7 53. Rxg6 Ra3+ 54. Kd2 Nxd4 55. Rg7+ Kf8 56. Rd7 1/2-1/2

[Event "Steyr Landesliga 1314"]
[Site "Austria"]
[Date "2013.11.23"]
[Round "4.7"]
[White "Hadl, Johann"]
[Black "Korn, Andreas"]
[Result "1-0"]
[WhiteElo "1893"]
[BlackElo "2011"]
[PlyCount "75"]
[EventDate "2013.09.28"]
[EventType "team-tourn"]
[EventRounds "11"]
[EventCountry "AUT"]
[SourceTitle "EXT 2015"]
[Source "ChessBase"]
[SourceDate "2014.11.20"]
[SourceVersion "1"]
[SourceVersionDate "2014.11.20"]
[SourceQuality "1"]
[WhiteTeam "Fuerstenfeld"]
[BlackTeam "Pinggau Friedberg"]
[WhiteTeamCountry "AUT"]
[BlackTeamCountry "AUT"]

1. e4 e5 2. Nf3 Nc6 3. Bb5 a6 4. Ba4 Nf6 5. 0-0 b5 6. Bb3 Be7 7. c3 0-0 8. a4 Bb7 9. Re1 d6 10. d4 h6 11. Nbd2 Re8 12. Nf1 Bf8 13. Ng3 g6 14. Qd3 Na5 15. Bc2 Qd7 16. b4 Nc4 17. Nd2 Nxd2 18. Bxd2 c6 19. f4 Rad8 20. f5 Bg7 21. Rad1 g5 22. Qe2 d5 23. Be3 dxe4 24. dxe5 Nd5 25. Qh5 Qc7 26. Bd4 Nf4 27. Qg4 Bxe5 28. Nxe4 Nd5 29. Qh5 Bc8 30. Qxh6 Bxf5 31. Qxg5+ Bg6 32. h4 Bxd4+ 33. Rxd4 Kh8 34. Qh6+ Kg8 35. Rxd5 Bxe4 36. Rh5 f5 37. Qh8+ Kf7 38. Qh7+ 1-0

[Event "Steyr Landesliga 1213"]
[Site "Austria"]
[Date "2013.04.27"]
[Round "10.6"]
[White "Korn, Andreas"]
[Black "Weiss, Leo"]
[Result "0-1"]
[WhiteElo "2010"]
[BlackElo "2157"]
[PlyCount "98"]
[EventDate "2012.09.22"]
[EventType "team-tourn"]
[EventRounds "11"]
[EventCountry "AUT"]
[SourceTitle "EXT 2014"]
[Source "ChessBase"]
[SourceDate "2013.11.20"]
[SourceVersion "1"]
[SourceVersionDate "2013.11.20"]
[SourceQuality "1"]
[WhiteTeam "Pinggau Friedberg"]
[BlackTeam "Leibnitz"]
[WhiteTeamCountry "AUT"]
[BlackTeamCountry "AUT"]

1. d4 Nf6 2. c4 c5 3. d5 e6 4. Nc3 exd5 5. cxd5 d6 6. e4 g6 7. Nf3 Bg7 8. Bd3 0-0 9. 0-0 Re8 10. Re1 a6 11. a4 Nbd7 12. h3 Ne5 13. Nxe5 dxe5 14. Be3 Qd6 15. a5 Bd7 16. Nb1 c4 17. Bc2 Rac8 18. Nc3 Red8 19. Qd2 Nh5 20. Ba4 Nf4 21. Bxd7 Rxd7 22. Na4 Rdd8 23. Nb6 Rc7 24. Rec1 Bh6 25. Nxc4 Qf6 26. Kh2 Bf8 27. Bb6 Rcd7 28. Bxd8 Rxd8 29. Ne3 Ne6 30. Ng4 Qe7 31. Ra4 Nc5 32. Rb4 h5 33. Ne3 Nd3 34. Rxb7 Qxb7 35. Qxd3 Qxb2 36. Qc2 Qb4 37. Ra1 Bh6 38. Ra4 Qe1 39. Nc4 Kh7 40. g3 h4 41. Nxe5 Rb8 42. Nd3 hxg3+ 43. fxg3 Qf1 44. Rb4 Rc8 45. Qf2 Qxd3 46. Qxf7+ Bg7 47. h4 Qd2+ 48. Kh3 Qxb4 49. h5 Qxe4 0-1

[Event "Steyr Landesliga 1213"]
[Site "Austria"]
[Date "2013.04.13"]
[Round "9.7"]
[White "Korn, Andreas"]
[Black "Flitsch, Guenther"]
[Result "1/2-1/2"]
[WhiteElo "2010"]
[BlackElo "1934"]
[PlyCount "55"]
[EventDate "2012.09.22"]
[EventType "team-tourn"]
[EventRounds "11"]
[EventCountry "AUT"]
[SourceTitle "EXT 2014"]
[Source "ChessBase"]
[SourceDate "2013.11.20"]
[SourceVersion "1"]
[SourceVersionDate "2013.11.20"]
[SourceQuality "1"]
[WhiteTeam "Pinggau Friedberg"]
[BlackTeam "Graz Austria"]
[WhiteTeamCountry "AUT"]
[BlackTeamCountry "AUT"]

1. d4 Nf6 2. c4 g6 3. Nc3 Bg7 4. Nf3 0-0 5. g3 d6 6. Bg2 Nbd7 7. 0-0 e5 8. e4 c6 9. Re1 exd4 10. Nxd4 Qb6 11. Na4 Qa5 12. Rb1 Nb6 13. Nxb6 axb6 14. a3 Qh5 15. Qxh5 Nxh5 16. Be3 Bd7 17. Red1 Rfe8 18. Ne2 Be6 19. Rxd6 Bxc4 20. Nf4 Nf6 21. b3 Ba6 22. f3 g5 23. Nh3 g4 24. Nf2 Be2 25. fxg4 Nxg4 26. Nxg4 Bxg4 27. Bxb6 Rxa3 28. Rd8 1/2-1/2

[Event "Steyr Landesliga 1112"]
[Site "Austria"]
[Date "2011.10.08"]
[Round "2.8"]
[White "Korn, Andreas"]
[Black "Penz, Florian"]
[Result "0-1"]
[WhiteElo "2004"]
[BlackElo "1702"]
[PlyCount "88"]
[EventDate "2011.09.24"]
[EventType "team-tourn"]
[EventRounds "11"]
[EventCountry "AUT"]
[SourceTitle "EXT 2013"]
[Source "ChessBase"]
[SourceDate "2012.11.22"]
[SourceVersion "1"]
[SourceVersionDate "2012.11.22"]
[SourceQuality "1"]
[WhiteTeam "Pinggau Friedberg"]
[BlackTeam "Graz Styria"]
[WhiteTeamCountry "AUT"]
[BlackTeamCountry "AUT"]

1. d4 d5 2. c4 c6 3. e3 Nf6 4. Nc3 e6 5. Nf3 Nbd7 6. Qc2 Bd6 7. Bd3 dxc4 8. Bxc4 b5 9. Bd3 Bb7 10. 0-0 0-0 11. e4 e5 12. h3 exd4 13. Nxd4 Ne5 14. Be2 Bc5 15. Nf3 Qe7 16. a3 a6 17. Bg5 Nxf3+ 18. Bxf3 Qe5 19. Bh4 g5 20. b4 Bb6 21. Bxg5 Qxg5 22. Rad1 Rad8 23. Rfe1 Rxd1 24. Rxd1 Qe5 25. Kh1 Rd8 26. Rxd8+ Bxd8 27. Qd3 Bb6 28. Kg1 Qd4 29. Qc2 Nd7 30. g3 Ne5 31. Bg2 Nd3 32. Nd1 Ne1 33. Qe2 Nxg2 34. Kxg2 c5 35. Ne3 Bxe4+ 36. Kh2 Bd3 37. Qf3 c4 38. Ng4 Kg7 39. Qc6 Bg6 40. Ne3 c3 41. h4 c2 42. h5 Qe4 43. Qc8 Bxe3 44. fxe3 Qc4 0-1

[Event "Vienna Tschaturanga op"]
[Site "Vienna"]
[Date "2011.05.18"]
[Round "4"]
[White "Birg, Jovan"]
[Black "Korn, Andreas"]
[Result "1/2-1/2"]
[WhiteElo "1987"]
[BlackElo "2021"]
[PlyCount "65"]
[EventDate "2011.05.14"]
[EventType "swiss"]
[EventRounds "9"]
[EventCountry "AUT"]
[SourceTitle "CBM 142 Extra"]
[Source "ChessBase"]
[SourceDate "2011.06.27"]
[SourceVersion "1"]
[SourceVersionDate "2011.06.27"]
[SourceQuality "1"]

1. e4 e5 2. Nf3 Nc6 3. Bc4 Bc5 4. c3 Nf6 5. d3 d6 6. 0-0 0-0 7. Bg5 h6 8. Bh4 Be6 9. Nbd2 Re8 10. Re1 g5 11. Bg3 Qe7 12. b4 Bb6 13. Bb5 a6 14. Ba4 g4 15. Nh4 Nh5 16. Kh1 Qf6 17. Rf1 Kh7 18. Bb3 Rg8 19. Nc4 Ba7 20. Ne3 Ne7 21. Bc2 Qg5 22. d4 Nf4 23. Qd2 f6 24. a4 Nfg6 25. Nxg6 Nxg6 26. Rad1 h5 27. f3 h4 28. Be1 g3 29. Ng4 gxh2 30. Qxg5 fxg5 31. Nf6+ Kg7 32. Nxg8 Rxg8 33. Kxh2 1/2-1/2

[Event "Oberwart op"]
[Site "Oberwart"]
[Date "2010.07.18"]
[Round "9"]
[White "Mihok, Laszlo"]
[Black "Korn, Andreas"]
[Result "1/2-1/2"]
[WhiteElo "2208"]
[BlackElo "2011"]
[PlyCount "49"]
[EventDate "2010.07.10"]
[EventType "swiss"]
[EventRounds "9"]
[EventCountry "AUT"]
[SourceTitle "CBM 137 Extra"]
[Source "ChessBase"]
[SourceDate "2010.09.01"]
[SourceVersion "1"]
[SourceVersionDate "2010.09.01"]
[SourceQuality "1"]

1. d4 d5 2. Bg5 c6 3. Nf3 h6 4. Bh4 Qb6 5. b3 Bf5 6. e3 Nd7 7. Bd3 Bxd3 8. Qxd3 e6 9. 0-0 Ne7 10. c4 Nf5 11. Bg3 Nxg3 12. hxg3 Be7 13. Nc3 0-0 14. Rfc1 Rac8 15. Rab1 Qa6 16. Rc2 Rfd8 17. Qf1 b6 18. g4 Nf6 19. g5 hxg5 20. Nxg5 c5 21. Nb5 cxd4 22. exd4 dxc4 23. bxc4 Qa4 24. Qe2 a6 25. Qf1 1/2-1/2

[Event "Oberwart op"]
[Site "Oberwart"]
[Date "2010.07.10"]
[Round "1"]
[White "Poetz, Florian"]
[Black "Korn, Andreas"]
[Result "1-0"]
[WhiteElo "2347"]
[BlackElo "2011"]
[PlyCount "153"]
[EventDate "2010.07.10"]
[EventType "swiss"]
[EventRounds "9"]
[EventCountry "AUT"]
[SourceTitle "CBM 137 Extra"]
[Source "ChessBase"]
[SourceDate "2010.09.01"]
[SourceVersion "1"]
[SourceVersionDate "2010.09.01"]
[SourceQuality "1"]

1. c4 c5 2. g3 Nf6 3. Bg2 d5 4. cxd5 Nxd5 5. Nc3 Nxc3 6. bxc3 e5 7. Rb1 Nc6 8. Bxc6+ bxc6 9. Qa4 Qd7 10. Nf3 Bd6 11. d3 0-0 12. Ba3 f5 13. Nd2 Be7 14. Qc4+ Qe6 15. 0-0 Rd8 16. Rfd1 Kf7 17. Qxe6+ Bxe6 18. Rb7 Rd7 19. Rdb1 Rad8 20. Rxd7 Rxd7 21. c4 e4 22. Rb3 exd3 23. exd3 h6 24. Kf1 g5 25. f3 Bd6 26. Ke2 h5 27. Rb1 h4 28. Rg1 hxg3 29. hxg3 Kg6 30. Nb3 Re7 31. Kd2 f4 32. Bxc5 Bxc5 33. Nxc5 fxg3 34. Rxg3 Bf5 35. a4 Rh7 36. Kc3 Rh3 37. Ne4 Rxg3 38. Nxg3 Bh3 39. Kd4 Bg2 40. Ke3 Kf6 41. a5 Bh3 42. Ne2 Ke5 43. d4+ Kf6 44. Nc3 Bf1 45. Ne4+ Kg6 46. Nd6 Kf6 47. Ne4+ Kg6 48. Nd6 Kf6 49. Nc8 a6 50. Nd6 Kg6 51. d5 cxd5 52. c5 Bh3 53. c6 Kf6 54. c7 Ke5 55. c8Q Bxc8 56. Nxc8 d4+ 57. Kf2 Kf4 58. Ne7 g4 59. fxg4 Kxg4 60. Ke2 Kf4 61. Kd3 Ke5 62. Nc6+ Kd5 63. Nxd4 Kc5 64. Kc3 Kd5 65. Nc2 Kc5 66. Na3 Kd5 67. Kb4 Kd6 68. Kc4 Kc6 69. Nc2 Kb7 70. Nb4 Ka7 71. Kc5 Kb7 72. Kd6 Ka7 73. Kc7 Ka8 74. Kb6 Kb8 75. Nxa6+ Ka8 76. Nc7+ Kb8 77. a6 1-0

[Event "Vienna op 16th"]
[Site "Vienna"]
[Date "2009.08.19"]
[Round "5"]
[White "Korn, Andreas"]
[Black "Ernst, Michael"]
[Result "1/2-1/2"]
[WhiteElo "2030"]
[BlackElo "2178"]
[PlyCount "37"]
[EventDate "2009.08.15"]
[EventType "swiss"]
[EventRounds "9"]
[EventCountry "AUT"]
[SourceTitle "CBM 131 Extra"]
[Source "ChessBase"]
[SourceDate "2009.09.03"]
[SourceVersion "2"]
[SourceVersionDate "2009.09.16"]
[SourceQuality "1"]

1. d4 Nf6 2. c4 e6 3. Nc3 Bb4 4. Qc2 0-0 5. a3 Bxc3+ 6. Qxc3 d6 7. Bg5 Nbd7 8. Nf3 b6 9. e3 Bb7 10. Be2 Qe8 11. Qc2 Ne4 12. 0-0 c5 13. dxc5 Ndxc5 14. b4 Nd7 15. Bh4 Ndf6 16. Rfd1 Rc8 17. Bxf6 gxf6 18. Qb2 Qe7 19. Rac1 1/2-1/2

[Event "Oberwart op"]
[Site "Oberwart"]
[Date "2006.07.08"]
[Round "1"]
[White "Korn, Andreas"]
[Black "Hera, Imre Jr"]
[Result "0-1"]
[WhiteElo "2079"]
[BlackElo "2504"]
[PlyCount "64"]
[EventDate "2006.07.08"]
[EventType "swiss"]
[EventRounds "9"]
[EventCountry "AUT"]
[SourceTitle "CBM 113 Extra"]
[Source "ChessBase"]
[SourceDate "2006.09.14"]
[SourceVersion "1"]
[SourceVersionDate "2006.09.14"]
[SourceQuality "1"]

1. d4 Nf6 2. c4 e6 3. Nc3 Bb4 4. Qc2 d6 5. Nf3 Nbd7 6. e4 c5 7. d5 exd5 8. exd5 0-0 9. Be2 Re8 10. 0-0 Bxc3 11. bxc3 Nf8 12. Bd3 Bg4 13. Ng5 h6 14. Ne4 Nxe4 15. Bxe4 Qf6 16. h3 Bh5 17. Bb2 Bg6 18. Rae1 Qh4 19. Bd3 Bxd3 20. Qxd3 Ng6 21. Bc1 Ne5 22. Qe4 Qxe4 23. Rxe4 Nd3 24. Rxe8+ Rxe8 25. Rd1 Nxc1 26. Rxc1 Re2 27. Rb1 b6 28. a3 Re4 29. Kf1 Rxc4 30. Rc1 Ra4 31. Ra1 b5 32. Ke2 b4 0-1

[Event "Vienna-ch"]
[Site "Vienna"]
[Date "2004.10.27"]
[Round "4"]
[White "Zsifkovits, Robert"]
[Black "Korn, Andreas"]
[Result "1/2-1/2"]
[WhiteElo "2158"]
[BlackElo "2112"]
[PlyCount "20"]
[EventDate "2004.??.??"]
[EventType "swiss"]
[EventRounds "7"]
[EventCountry "AUT"]
[SourceTitle "EXT 2005"]
[Source "ChessBase"]
[SourceDate "2004.11.15"]
[SourceVersion "1"]
[SourceVersionDate "2004.11.15"]
[SourceQuality "1"]

1. e4 e5 2. Bc4 Nf6 3. d3 Bc5 4. Nc3 d6 5. Nge2 Ng4 6. d4 exd4 7. Nxd4 Nc6 8. Be3 Nxe3 9. fxe3 0-0 10. 0-0 Ne5 1/2-1/2